1482 1126 1279 1920 1443 1008 1740 1562 1244 1767 1181 1254 1973 1113 1634 1356 1285 1369 1426 1389 1294 1462 1631 1950 1790 1326 1971 1107 1142 1651 1440 1892 1489 1290 1549 1785 1076 1878 1269 1583 1543 1029 1490 1455 1357 1407 1112 1524 1559 1517 1493 1951 1547 1277 1654 1876 1770 1709 1041 1891 1270 1197 1596 1984 1534 1262 1801 1596 1041 1165 1735 1893 1946 1764 1766 1386 1954 1417 1303 1705 1901 1865 1179 1049 1335 1917 1255 1574 1410 1187 1994 1211 1156 1496 1028 1297 1167 1630 1623 BCNSPRNW ULIB Ver.6.0+V

เปลี่ยนเป็นภาษาไทย

Change to English
 แสดงรายละเอียดบรรณานุกรม
  กลับหน้าหลัก

Brief Record : Get Marc (ISO 2709) : E-mail record : QR code < ปิดหน้าต่าง
LEADER : 00000nam 2200000uu 4500
001    13399122844
003     ULIB
008    131021s2550||||th 000 0 tha d
020    ^a9789743414886
050  4 ^aBF637.S8^bว527ว
100 0  ^aวิจิตรวาทการ,^cพลตรี หลวง,^d2441-2505
245 10 ^aวิธีทำงานและสร้างอนาคต /^cพลตรี หลวงวิจิตรวาทการ
250    ^aพิมพ์ครั้งที่ 4
260    ^aกรุงเทพฯ :^bสร้างสรรค์บุ๊คส์,^c2550
300    ^a(29), 212 หน้า ;^c20 ซม.
650  4 ^aการทำงาน
650  4 ^aความสำเร็จ
945    ^p165^l0^i16607
995    ^aทศพร
999    ^aทศพร
รายการนี้ยังไม่มีแท็ก
คุณยังไม่ได้ล็อกอิน คุณสามารถมีกิจกรรมร่วมกับเว็บไซต์ได้ แต่ต้องล็อกอินก่อน ::
  ล็อกอิน

รายการสื่อสารสนเทศ

ลำดับที่ ประเภท เลขเรียก/บาร์โค้ด สถานที่ สถานะ
1. การศึกษาทั่วไป
การศึกษาทั่วไป
BF637.S8 ว527ว ฉ.1 
  Barcode: 16607
ห้องสมุดวิทยาเขตนครสวรรค์
►หนังสือทั่วไป:l:General Books
บนชั้น

รายการใกล้เคียง
    หัวเรื่อง [การทำงาน]
    หัวเรื่อง [ความสำเร็จ]

BibComment


ยังไม่เคยถูกคอมเมนท์

คอมเมนท์ทรัพยากรรายการนี้
  คอมเมนท์: วิธีทำงานและสร้า..


 Copyright 2026. Bcnsprnw @Library